Adjectival Forms of Countries Ending with "-ese" - Statistics

General Stats
  • This quiz has been taken 703 times
    386 since last reset
  • The average score is 10 of 23
Answer Stats
Answer % Correct
Chinese
93%
Japanese
91%
Vietnamese
79%
Taiwanese
63%
Portuguese
55%
Burmese
53%
Nepalese
52%
Congolese
46%
Bhutanese
44%
Sudanese
44%
Lebanese
40%
Maltese
40%
Senegalese
39%
Guyanese
31%
South Sudanese
31%
Surinamese
28%
Togolese
27%
Gabonese
26%
Beninese
24%
Timorese
21%
Marshallese
19%
Sammarinese
11%
Malinese
7%
No matching quizzes found
Score Distribution
Percent of People with Each Score
Percentile by Number Answered
Your Score History
You have not taken this quiz since the last reset